00739nam a2200217 a 450000100060000000300090000600800410001502000180005604000280007408200200010210000300012224501240015226000390027630000110031549000640032665000380039065000230042865000290045165000280048065000130050823528CO-ViMGA141112s2004 ck r 000 u spa d a9789587530155 aCO-ViMGAbspacCO-ViMGA04a398.20986 U714p1 aUrbina RÁngel, Fernando10aLas Palabras del origen : bBreve compendio de la mitología de los Uitotos / ccompilado por Fernando Urbina RÁngel aColombia : bMinisterio de Cultura a256 p. aBiblioteca básica de los pueblos indigenas de Colombia; 414aAmazonas (Colombia) - Literatura 14aIdentidad cultural14aIndigenas - Mitología 14aMitología Colombiana 14aUitotos